| 000 | 02903nam a2200265 4500 | ||
|---|---|---|---|
| 005 | 20250329165444.0 | ||
| 008 | 180125s2022 000 0 eng d | ||
| 040 |
_aCO-CtgCURN _bspa _ccoctgcurn |
||
| 082 | 0 |
_aINQ 2022 _bR175 |
|
| 100 | 1 | _aRamos Aguilar, Sebastián Enrique. | |
| 245 | 1 | 0 |
_aAnálisis dofa de la práctica social en la empresa semesca s.a.s. de la ciudad de Cartagena de Indias en el segundo período del año 2022 / _cSebastián Enrique Ramos Aguilar; asesor Xiomara Hernández Herazo; Stephanie Carrillo González; Claudia Romero Escobar; Ana España Ávila; Anette Martínez. |
| 260 |
_aCartagena de Indias : _bCorporación Universitaria Rafael Nuñez, _c2022. |
||
| 300 | _a96 hojas. | ||
| 502 | _aTrabajo de Grado. (Instrumentador Quirurgico). Corporación Universitaria Rafael Nuñez . Facultad de Ciencias de la Salud . Programa de Instrumentación Quirúrgica, 2022. | ||
| 520 | _a"En este trabajo de grado relacionado a la práctica social se realizó un análisis DOFA en la empresa del sector salud semesca S.A.S. Servicios medico quirúrgicos especializados del caribe en donde se evaluó un análisis interno y externo, la estructura empresarial, recurso humano, calidad de los servicios y la creación de estrategias y plan de trabajo para el desarrollo de la empresa en los perfiles asistenciales, docencia, administrativos, investigativos y de proyección social. El análisis DOFA de una empresa permite diseñar la estrategia en la que se basará la compañía para afrontar su futuro a corto, medio y largo plazo. Se trata de un mapa a través del que se establecen las debilidades, amenazas, fortalezas y oportunidades de la organización. Un análisis interno y externo del entorno en el que se desarrolla la actividad para mejorar su rentabilidad, funcionamiento y posicionamiento en el mercado. El primer paso es describir la situación actual para después identificar las acciones o cambios que han de llevarse a cabo. Se trata de un diagnóstico estratégico clave en una organización. La información obtenida muestra el actual estado de la compañía, o departamento objeto de estudio, en función de sí misma y del entorno en el que se desarrolla o desea desarrollarse. Es el punto de partida para realizar un análisis histórico y proyectivo. " | ||
| 650 | 0 |
_aInstumentacion quirurgica _vTesis y Disertaciones Academicas. |
|
| 700 | 1 |
_aHernández Herazo, Xiomara, _ctutor. |
|
| 700 | 1 |
_aCarrillo González, Stephanie, _ctutor. |
|
| 700 | 1 |
_aRomero Escobar, Claudia, _ctutor. |
|
| 700 | 1 |
_aEspaña Ávila, Ana, _ctutor. |
|
| 700 | 1 |
_aMartínez, Anette, _ctutor. |
|
| 856 | 7 |
_uhttps://unicurn.sharepoint.com/:b:/s/biblioteca/ES0gMtA1FNVGijhdBBQIjs8B4nyzR5UrgwkDFTN_2wKBlg?e=cXlJb4 _zClick aqui para ver el recurso en texto completo |
|
| 942 |
_2ddc _cTG _hINQ 2022 _iR175 |
||
| 999 |
_c4605 _d4605 |
||